000 00551nam a22002057a 4500
003 OSt
005 20260411020003.0
008 160906b xxu||||| |||| 00| 0 eng d
020 _a9781118323793
040 _cDDC
082 _a547 GRA 2014
100 _aSolomons, Graham; Fryhle, Craig
_911007
245 _aOrganic Chemistry
250 _a11th ed.
260 _aNew Jersey; John Wiley, 2014
300 _axxxvi,1139p; col.ill: 28cm
504 _aAnswers, glossry, & index included
650 _aOrganic Chemistry
_9814
942 _2z
_cB_BANK
_01
999 _c5160
_d5160